Guess the Fusion Rock Song Lyrics #71 - Statistics

General Stats
  • This quiz has been taken 19 times
  • The average score is 354 of 500
Answer Stats
AnswerI % Correct
the
100%
a
93%
and
93%
And
93%
I
93%
me
93%
on
93%
when
93%
When
93%
Who
93%
You
93%
you
93%
love
87%
of
87%
say
87%
so
87%
We
87%
all
80%
bet
80%
better
80%
hear
80%
know
80%
My
80%
my
80%
need
80%
to
80%
To
80%
your
80%
Your
80%
go
73%
it
73%
just
73%
life
73%
now
73%
with
73%
With
73%
for
67%
in
67%
it's
67%
like
67%
oh
67%
Or
67%
some
67%
this
67%
too
67%
But
60%
but
60%
Can't
60%
come
60%
could
60%
got
60%
have
60%
I'm
60%
look
60%
name
60%
night
60%
one
60%
Ooh
60%
over
60%
that
60%
time
60%
up
60%
what
60%
will
60%
down
53%
how
53%
is
53%
I've
53%
make
53%
much
53%
not
53%
yes
53%
arms
47%
been
47%
call
47%
comes
47%
cut
47%
every
47%
feel
47%
good
47%
knife
47%
licking
47%
never
47%
old
47%
only
47%
right
47%
Saying
47%
those
47%
T-Rex
47%
want
47%
any
40%
bed
40%
body
40%
don't
40%
feels
40%
legs
40%
living
40%
open
40%
sometime
40%
sound
40%
spend
40%
tee
40%
dog
33%
free
33%
giving
33%
keeps
33%
lay
33%
mind
33%
nose
33%
back
27%
chewing
27%
Especially
27%
into
27%
letters
27%
line
27%
little
27%
Next
27%
pretty
27%
really
27%
records
27%
should
27%
sometimes
27%
telephone
27%
Tonight
27%
tonight
27%
voice
27%
Who's
27%
alright
20%
crazy
20%
home
20%
myself
20%
needs
20%
rough
20%
scream
20%
begs
13%
book
13%
cigarettes
13%
crappy
13%
fools
13%
forgets
13%
knowing
13%
light
13%
passport
13%
picture
13%
sing
13%
still
13%
welcome
13%
clothes
7%
dealing
7%
drunk
7%
fight
7%
letting
7%
memory
7%
neon
7%
shove
7%
visa
7%
wearing
7%
axes
0%
blind
0%
eager
0%
easier
0%
feeble
0%
late
0%
minded
0%
overthrown
0%
razor
0%
showed
0%
No matching quizzes found
Score Distribution
Percent of People with Each Score
Percentile by Number Answered
Your Score History
You have not taken this quiz